Estatísticas para Todas as Músicas do João Gomes

Clique aqui para jogar o quiz

Estatísticas Gerais

  • Esse quiz foi jogado 10 vezes
  • A pontuação média é 10 de 38

Estatísticas das Respostas

AlbúmMúsica% Correto
Digo Ou Não DigoDengo
75%
Eu Tenho a SenhaEu Tenho a Senha
75%
Eu Tenho a SenhaMeu Pedaço de Pecado
63%
Eu Tenho a Senha (Ft. Vitor Fernandes)Se For Amor
63%
Digo Ou Não DigoDigo Ou Não Digo
50%
Eu Tenho a SenhaMete Um Block Nele
50%
Single (Ft. Felipe Amorim)Debaixo do Cobertor
38%
Digo Ou Não DigoDentro de Mim
38%
Digo Ou Não DigoLembra
38%
Digo Ou Não DigoMe Adora
38%
Digo Ou Não DigoMe Adora
38%
Eu Tenho a SenhaQue Nem Vovô
38%
Digo Ou Não DigoAmando Você
25%
Eu Tenho a Senha (Ft. Tarcísio do Acordeon)Aquelas Coisas
25%
SingleEla Não Vai Voltar
25%
Single (Ft. DENNIS DJ)É Sobre Isso
25%
Eu Tenho a SenhaEsperando Você
25%
Eu Tenho a SenhaFica Comigo
25%
Single (Ft. Caninana)Mais um Beijo Perdido
25%
Single (Ft. Whindersson Nunes)Morena
25%
Digo Ou Não DigoPode Ficar
25%
Digo Ou Não DigoSe Essa Vida Fosse Um Filme
25%
Single (Ft. Vitor Fernandes)Será que Dá Certo
25%
Digo Ou Não DigoTerra Prometida
25%
Digo Ou Não DigoDe Janeiro a Janeiro
13%
Eu Tenho a SenhaÉ Amor
13%
Single (Ft. Gabi Martins)Joga o Laço
13%
SingleMeu Bem
13%
SingleMeu Cafofo
13%
Digo Ou Não DigoNão Aceito Mais
13%
Digo Ou Não DigoSem Você
13%
Single (Ft. Pisadinha de Luxo)Se Tu Amasse Eu
13%
Digo Ou Não DigoTe Amar é Bom Demais
13%
Eu Tenho a SenhaTô sem você
13%
Digo Ou Não DigoQuebrando a Cara
0%
Digo Ou Não DigoSó Você e Eu
0%
Single (Ft. Vaquejada do Amor)Vaquejada do Amor
0%
Single (Ft. Renno)Volta Amanhã
0%

Distribuição das Pontuações

Percentil de Números Respondidos

Porcentagem de Pessoas com Cada Pontuação

Sua Pontuação Histórica

Você não jogou esse quiz